| 000 | 00389nam a2200145Ia 4500 | ||
|---|---|---|---|
| 008 | 230312s9999||||xx |||||||||||||| ||und|| | ||
| 020 | _a9781292153773 | ||
| 082 |
_a658.403 _bLAU-E |
||
| 100 | _aRoberts,Sandy | ||
| 245 | 4 | _aThe big book of maker camp projects | |
| 260 |
_bPearson _aMalaysia _c2015 |
||
| 300 | _a519 | ||
| 650 |
_aManagement _vManagement information systems |
||
| 942 | _cBK | ||
| 999 |
_c17767 _d17767 |
||